000 00588nam a2200217Ia 4500
003 OSt
005 20230401100926.0
008 210210b2017 xxu||||| |||| 00| 0 eng d
020 _a9789380853222
040 _cAL
041 _aeng
082 _a574.191 CLAJ
100 _aCLAYCOMB (James)
_981511
245 _aJones and Bartlett introductory biophysics: perspectives on the living state
260 _aNew Delhi
_bJones and Bartlett
_c2017
300 _axiv,359
690 _aBiophysics
_981512
700 _aTRAN (Jonathan Quoc P)
_981513
906 _a072769
942 _2ddc
_cBK
999 _c122582
_d122582